<?xml version="1.0" encoding="UTF-8"?>
<marc:record xmlns:marc="http://www.loc.gov/MARC21/slim" type="Bibliographic">
   <marc:leader>00000pam a2200000 c 4500</marc:leader>
   <marc:controlfield tag="001">972804552</marc:controlfield>
   <marc:controlfield tag="003">DE-101</marc:controlfield>
   <marc:controlfield tag="005">20171203171739.0</marc:controlfield>
   <marc:controlfield tag="007">tu</marc:controlfield>
   <marc:controlfield tag="008">041122s2005    gw ||||| |||| 00||||ger  </marc:controlfield>
   <marc:datafield ind1=" " ind2=" " tag="015">
      <marc:subfield code="a">05,A16,0953</marc:subfield>
      <marc:subfield code="z">04,N51,1560</marc:subfield>
      <marc:subfield code="2">dnb</marc:subfield>
   </marc:datafield>
   <marc:datafield ind1="7" ind2=" " tag="016">
      <marc:subfield code="2">DE-101</marc:subfield>
      <marc:subfield code="a">972804552</marc:subfield>
   </marc:datafield>
   <marc:datafield ind1=" " ind2=" " tag="020">
      <marc:subfield code="a">9783898991032</marc:subfield>
      <marc:subfield code="c">kart. : EUR 14.95</marc:subfield>
      <marc:subfield code="9">978-3-89899-103-2</marc:subfield>
   </marc:datafield>
   <marc:datafield ind1=" " ind2=" " tag="020">
      <marc:subfield code="a">3898991032</marc:subfield>
      <marc:subfield code="c">kart. : EUR 14.95</marc:subfield>
      <marc:subfield code="9">3-89899-103-2</marc:subfield>
   </marc:datafield>
   <marc:datafield ind1="3" ind2=" " tag="024">
      <marc:subfield code="a">9783898991032</marc:subfield>
   </marc:datafield>
   <marc:datafield ind1=" " ind2=" " tag="035">
      <marc:subfield code="a">(DE-599)DNB972804552</marc:subfield>
   </marc:datafield>
   <marc:datafield ind1=" " ind2=" " tag="035">
      <marc:subfield code="a">(OCoLC)76574639</marc:subfield>
   </marc:datafield>
   <marc:datafield ind1=" " ind2=" " tag="040">
      <marc:subfield code="a">1145</marc:subfield>
      <marc:subfield code="b">ger</marc:subfield>
      <marc:subfield code="c">DE-101</marc:subfield>
      <marc:subfield code="d">9999</marc:subfield>
   </marc:datafield>
   <marc:datafield ind1=" " ind2=" " tag="041">
      <marc:subfield code="a">ger</marc:subfield>
   </marc:datafield>
   <marc:datafield ind1=" " ind2=" " tag="044">
      <marc:subfield code="c">XA-DE-NW</marc:subfield>
   </marc:datafield>
   <marc:datafield ind1="7" ind2="4" tag="082">
      <marc:subfield code="a">610</marc:subfield>
      <marc:subfield code="q">DE-101</marc:subfield>
      <marc:subfield code="2">22sdnb</marc:subfield>
   </marc:datafield>
   <marc:datafield ind1=" " ind2=" " tag="090">
      <marc:subfield code="a">b</marc:subfield>
   </marc:datafield>
   <marc:datafield ind1="0" ind2="0" tag="245">
      <marc:subfield code="a">Nackenaktivprogramm</marc:subfield>
      <marc:subfield code="b">ein Ratgeber bei Kopf-Nacken-Schulter-Beschwerden ; mit 96 Übungen &amp; 39 Tipps</marc:subfield>
      <marc:subfield code="c">Klaus Müller ...</marc:subfield>
   </marc:datafield>
   <marc:datafield ind1=" " ind2="1" tag="264">
      <marc:subfield code="a">Aachen</marc:subfield>
      <marc:subfield code="b">Meyer und Meyer</marc:subfield>
      <marc:subfield code="c">2005</marc:subfield>
   </marc:datafield>
   <marc:datafield ind1=" " ind2=" " tag="300">
      <marc:subfield code="a">208 S.</marc:subfield>
      <marc:subfield code="b">zahlr. Ill., graph. Darst.</marc:subfield>
      <marc:subfield code="c">21 cm</marc:subfield>
   </marc:datafield>
   <marc:datafield ind1=" " ind2=" " tag="336">
      <marc:subfield code="a">Text</marc:subfield>
      <marc:subfield code="b">txt</marc:subfield>
      <marc:subfield code="2">rdacontent</marc:subfield>
   </marc:datafield>
   <marc:datafield ind1=" " ind2=" " tag="336">
      <marc:subfield code="a">unbewegtes Bild</marc:subfield>
      <marc:subfield code="b">sti</marc:subfield>
      <marc:subfield code="2">rdacontent</marc:subfield>
   </marc:datafield>
   <marc:datafield ind1=" " ind2=" " tag="337">
      <marc:subfield code="a">ohne Hilfsmittel zu benutzen</marc:subfield>
      <marc:subfield code="b">n</marc:subfield>
      <marc:subfield code="2">rdamedia</marc:subfield>
   </marc:datafield>
   <marc:datafield ind1=" " ind2=" " tag="338">
      <marc:subfield code="a">Band</marc:subfield>
      <marc:subfield code="b">nc</marc:subfield>
      <marc:subfield code="2">rdacarrier</marc:subfield>
   </marc:datafield>
   <marc:datafield ind1="0" ind2=" " tag="490">
      <marc:subfield code="a">You can do it</marc:subfield>
   </marc:datafield>
   <marc:datafield ind1=" " ind2=" " tag="500">
      <marc:subfield code="a">Literaturverz. S. 204 - 207</marc:subfield>
   </marc:datafield>
   <marc:datafield ind1=" " ind2=" " tag="520">
      <marc:subfield code="a">Gehören auch Sie zu den Menschen, die regelmäßig von Nacken-, Schulter- und Kopfschmerzen betroffen sind? Leicht verständlich wird zunächst der Zusammenhang zwischen Beschwerden, der Haltung und Fehlbelastungen und auch der Einfluss von Stress auf auftretende Schmerzen erläutert. Im umfassenden Praxisteil werden nahezu 100 Übungen u.a. zur Entspannung der Nackenmuskulatur, für die Augenmuskeln, für Zunge und Kaumuskulatur sowie Übungen zur Kräftigung vorgestellt. Auch Grundübungen für die Atmung und zur allgemeinen Muskelentspannung helfen bei Beschwerden. Ein weiteres Kapitel widmet sich den Themen Haltung und Bewegung. Abschließend werden Verfahren zum Stressabbau vom Autogenen Training bis hin zur progressiven Muskelrelaxation angeboten. Ein Extrakapitel behandelt Übungen und Tipps zur Belastungsverminderung am Arbeitsplatz. Werden auch Sie aktiv für Ihre Gesundheit und ein Leben ohne Schmerzen!</marc:subfield>
   </marc:datafield>
   <marc:datafield ind1=" " ind2="7" tag="650">
      <marc:subfield code="0">(DE-588)4023097-1</marc:subfield>
      <marc:subfield code="0">http://d-nb.info/gnd/4023097-1</marc:subfield>
      <marc:subfield code="0">(DE-101)04023097X</marc:subfield>
      <marc:subfield code="a">Halswirbelsäulenkrankheit</marc:subfield>
      <marc:subfield code="2">gnd</marc:subfield>
   </marc:datafield>
   <marc:datafield ind1=" " ind2="7" tag="650">
      <marc:subfield code="0">(DE-588)4170852-0</marc:subfield>
      <marc:subfield code="0">http://d-nb.info/gnd/4170852-0</marc:subfield>
      <marc:subfield code="0">(DE-101)041708520</marc:subfield>
      <marc:subfield code="a">Muskelentspannung</marc:subfield>
      <marc:subfield code="2">gnd</marc:subfield>
   </marc:datafield>
   <marc:datafield ind1=" " ind2="7" tag="650">
      <marc:subfield code="0">(DE-588)4131557-1</marc:subfield>
      <marc:subfield code="0">http://d-nb.info/gnd/4131557-1</marc:subfield>
      <marc:subfield code="0">(DE-101)04131557X</marc:subfield>
      <marc:subfield code="a">Übung</marc:subfield>
      <marc:subfield code="2">gnd</marc:subfield>
   </marc:datafield>
   <marc:datafield ind1=" " ind2="7" tag="650">
      <marc:subfield code="0">(DE-588)4032416-3</marc:subfield>
      <marc:subfield code="0">http://d-nb.info/gnd/4032416-3</marc:subfield>
      <marc:subfield code="0">(DE-101)040324168</marc:subfield>
      <marc:subfield code="a">Kopfschmerz</marc:subfield>
      <marc:subfield code="2">gnd</marc:subfield>
   </marc:datafield>
   <marc:datafield ind1=" " ind2="7" tag="650">
      <marc:subfield code="0">(DE-588)4170852-0</marc:subfield>
      <marc:subfield code="0">http://d-nb.info/gnd/4170852-0</marc:subfield>
      <marc:subfield code="0">(DE-101)041708520</marc:subfield>
      <marc:subfield code="a">Muskelentspannung</marc:subfield>
      <marc:subfield code="2">gnd</marc:subfield>
   </marc:datafield>
   <marc:datafield ind1=" " ind2="7" tag="650">
      <marc:subfield code="0">(DE-588)4131557-1</marc:subfield>
      <marc:subfield code="0">http://d-nb.info/gnd/4131557-1</marc:subfield>
      <marc:subfield code="0">(DE-101)04131557X</marc:subfield>
      <marc:subfield code="a">Übung</marc:subfield>
      <marc:subfield code="2">gnd</marc:subfield>
   </marc:datafield>
   <marc:datafield ind1=" " ind2="7" tag="650">
      <marc:subfield code="0">(DE-588)4126718-7</marc:subfield>
      <marc:subfield code="0">http://d-nb.info/gnd/4126718-7</marc:subfield>
      <marc:subfield code="0">(DE-101)041267184</marc:subfield>
      <marc:subfield code="a">Schultergelenkschmerz</marc:subfield>
      <marc:subfield code="2">gnd</marc:subfield>
   </marc:datafield>
   <marc:datafield ind1=" " ind2="7" tag="650">
      <marc:subfield code="0">(DE-588)4170852-0</marc:subfield>
      <marc:subfield code="0">http://d-nb.info/gnd/4170852-0</marc:subfield>
      <marc:subfield code="0">(DE-101)041708520</marc:subfield>
      <marc:subfield code="a">Muskelentspannung</marc:subfield>
      <marc:subfield code="2">gnd</marc:subfield>
   </marc:datafield>
   <marc:datafield ind1=" " ind2="7" tag="650">
      <marc:subfield code="0">(DE-588)4131557-1</marc:subfield>
      <marc:subfield code="0">http://d-nb.info/gnd/4131557-1</marc:subfield>
      <marc:subfield code="0">(DE-101)04131557X</marc:subfield>
      <marc:subfield code="a">Übung</marc:subfield>
      <marc:subfield code="2">gnd</marc:subfield>
   </marc:datafield>
   <marc:datafield ind1=" " ind2="7" tag="650">
      <marc:subfield code="0">(DE-588)4171074-5</marc:subfield>
      <marc:subfield code="0">http://d-nb.info/gnd/4171074-5</marc:subfield>
      <marc:subfield code="0">(DE-101)041710746</marc:subfield>
      <marc:subfield code="a">Nacken</marc:subfield>
      <marc:subfield code="2">gnd</marc:subfield>
   </marc:datafield>
   <marc:datafield ind1=" " ind2="7" tag="650">
      <marc:subfield code="0">(DE-588)4052823-6</marc:subfield>
      <marc:subfield code="0">http://d-nb.info/gnd/4052823-6</marc:subfield>
      <marc:subfield code="0">(DE-101)040528235</marc:subfield>
      <marc:subfield code="a">Schmerz</marc:subfield>
      <marc:subfield code="2">gnd</marc:subfield>
   </marc:datafield>
   <marc:datafield ind1=" " ind2="7" tag="650">
      <marc:subfield code="0">(DE-588)4170852-0</marc:subfield>
      <marc:subfield code="0">http://d-nb.info/gnd/4170852-0</marc:subfield>
      <marc:subfield code="0">(DE-101)041708520</marc:subfield>
      <marc:subfield code="a">Muskelentspannung</marc:subfield>
      <marc:subfield code="2">gnd</marc:subfield>
   </marc:datafield>
   <marc:datafield ind1=" " ind2="7" tag="650">
      <marc:subfield code="0">(DE-588)4131557-1</marc:subfield>
      <marc:subfield code="0">http://d-nb.info/gnd/4131557-1</marc:subfield>
      <marc:subfield code="0">(DE-101)04131557X</marc:subfield>
      <marc:subfield code="a">Übung</marc:subfield>
      <marc:subfield code="2">gnd</marc:subfield>
   </marc:datafield>
   <marc:datafield ind1=" " ind2=" " tag="653">
      <marc:subfield code="a">(VLB-FS)Nackenschmerz</marc:subfield>
   </marc:datafield>
   <marc:datafield ind1=" " ind2=" " tag="653">
      <marc:subfield code="a">(VLB-FS)Kopfschmerz</marc:subfield>
   </marc:datafield>
   <marc:datafield ind1=" " ind2=" " tag="653">
      <marc:subfield code="a">(VLB-FS)Schulterschmerz</marc:subfield>
   </marc:datafield>
   <marc:datafield ind1=" " ind2=" " tag="653">
      <marc:subfield code="a">(VLB-PF)BC: Paperback</marc:subfield>
   </marc:datafield>
   <marc:datafield ind1=" " ind2=" " tag="653">
      <marc:subfield code="a">(VLB-WI)1: Hardcover, Softcover, Karte</marc:subfield>
   </marc:datafield>
   <marc:datafield ind1=" " ind2=" " tag="653">
      <marc:subfield code="a">(VLB-WG)449: Sport / Sonstige Sportarten</marc:subfield>
   </marc:datafield>
   <marc:datafield ind1=" " ind2="7" tag="655">
      <marc:subfield code="0">(DE-588)4048476-2</marc:subfield>
      <marc:subfield code="0">http://d-nb.info/gnd/4048476-2</marc:subfield>
      <marc:subfield code="0">(DE-101)040484769</marc:subfield>
      <marc:subfield code="a">Ratgeber</marc:subfield>
      <marc:subfield code="2">gnd-content</marc:subfield>
   </marc:datafield>
   <marc:datafield ind1=" " ind2="7" tag="655">
      <marc:subfield code="a">Ratgeber</marc:subfield>
      <marc:subfield code="2">gnd</marc:subfield>
   </marc:datafield>
   <marc:datafield ind1=" " ind2="7" tag="655">
      <marc:subfield code="a">Ratgeber</marc:subfield>
      <marc:subfield code="2">gnd</marc:subfield>
   </marc:datafield>
   <marc:datafield ind1=" " ind2="7" tag="655">
      <marc:subfield code="a">Ratgeber</marc:subfield>
      <marc:subfield code="2">gnd</marc:subfield>
   </marc:datafield>
   <marc:datafield ind1=" " ind2="7" tag="655">
      <marc:subfield code="a">Ratgeber</marc:subfield>
      <marc:subfield code="2">gnd</marc:subfield>
   </marc:datafield>
   <marc:datafield ind1="0" ind2="0" tag="689">
      <marc:subfield code="0">(DE-588)4023097-1</marc:subfield>
      <marc:subfield code="0">http://d-nb.info/gnd/4023097-1</marc:subfield>
      <marc:subfield code="0">(DE-101)04023097X</marc:subfield>
      <marc:subfield code="D">s</marc:subfield>
      <marc:subfield code="a">Halswirbelsäulenkrankheit</marc:subfield>
   </marc:datafield>
   <marc:datafield ind1="0" ind2="1" tag="689">
      <marc:subfield code="0">(DE-588)4170852-0</marc:subfield>
      <marc:subfield code="0">http://d-nb.info/gnd/4170852-0</marc:subfield>
      <marc:subfield code="0">(DE-101)041708520</marc:subfield>
      <marc:subfield code="D">s</marc:subfield>
      <marc:subfield code="a">Muskelentspannung</marc:subfield>
   </marc:datafield>
   <marc:datafield ind1="0" ind2="2" tag="689">
      <marc:subfield code="0">(DE-588)4131557-1</marc:subfield>
      <marc:subfield code="0">http://d-nb.info/gnd/4131557-1</marc:subfield>
      <marc:subfield code="0">(DE-101)04131557X</marc:subfield>
      <marc:subfield code="D">s</marc:subfield>
      <marc:subfield code="a">Übung</marc:subfield>
   </marc:datafield>
   <marc:datafield ind1="0" ind2="3" tag="689">
      <marc:subfield code="A">f</marc:subfield>
      <marc:subfield code="a">Ratgeber</marc:subfield>
   </marc:datafield>
   <marc:datafield ind1="0" ind2=" " tag="689">
      <marc:subfield code="5">DE-101</marc:subfield>
      <marc:subfield code="5">DE-101</marc:subfield>
   </marc:datafield>
   <marc:datafield ind1="1" ind2="0" tag="689">
      <marc:subfield code="0">(DE-588)4032416-3</marc:subfield>
      <marc:subfield code="0">http://d-nb.info/gnd/4032416-3</marc:subfield>
      <marc:subfield code="0">(DE-101)040324168</marc:subfield>
      <marc:subfield code="D">s</marc:subfield>
      <marc:subfield code="a">Kopfschmerz</marc:subfield>
   </marc:datafield>
   <marc:datafield ind1="1" ind2="1" tag="689">
      <marc:subfield code="0">(DE-588)4170852-0</marc:subfield>
      <marc:subfield code="0">http://d-nb.info/gnd/4170852-0</marc:subfield>
      <marc:subfield code="0">(DE-101)041708520</marc:subfield>
      <marc:subfield code="D">s</marc:subfield>
      <marc:subfield code="a">Muskelentspannung</marc:subfield>
   </marc:datafield>
   <marc:datafield ind1="1" ind2="2" tag="689">
      <marc:subfield code="0">(DE-588)4131557-1</marc:subfield>
      <marc:subfield code="0">http://d-nb.info/gnd/4131557-1</marc:subfield>
      <marc:subfield code="0">(DE-101)04131557X</marc:subfield>
      <marc:subfield code="D">s</marc:subfield>
      <marc:subfield code="a">Übung</marc:subfield>
   </marc:datafield>
   <marc:datafield ind1="1" ind2="3" tag="689">
      <marc:subfield code="A">f</marc:subfield>
      <marc:subfield code="a">Ratgeber</marc:subfield>
   </marc:datafield>
   <marc:datafield ind1="1" ind2=" " tag="689">
      <marc:subfield code="5">DE-101</marc:subfield>
      <marc:subfield code="5">DE-101</marc:subfield>
   </marc:datafield>
   <marc:datafield ind1="2" ind2="0" tag="689">
      <marc:subfield code="0">(DE-588)4126718-7</marc:subfield>
      <marc:subfield code="0">http://d-nb.info/gnd/4126718-7</marc:subfield>
      <marc:subfield code="0">(DE-101)041267184</marc:subfield>
      <marc:subfield code="D">s</marc:subfield>
      <marc:subfield code="a">Schultergelenkschmerz</marc:subfield>
   </marc:datafield>
   <marc:datafield ind1="2" ind2="1" tag="689">
      <marc:subfield code="0">(DE-588)4170852-0</marc:subfield>
      <marc:subfield code="0">http://d-nb.info/gnd/4170852-0</marc:subfield>
      <marc:subfield code="0">(DE-101)041708520</marc:subfield>
      <marc:subfield code="D">s</marc:subfield>
      <marc:subfield code="a">Muskelentspannung</marc:subfield>
   </marc:datafield>
   <marc:datafield ind1="2" ind2="2" tag="689">
      <marc:subfield code="0">(DE-588)4131557-1</marc:subfield>
      <marc:subfield code="0">http://d-nb.info/gnd/4131557-1</marc:subfield>
      <marc:subfield code="0">(DE-101)04131557X</marc:subfield>
      <marc:subfield code="D">s</marc:subfield>
      <marc:subfield code="a">Übung</marc:subfield>
   </marc:datafield>
   <marc:datafield ind1="2" ind2="3" tag="689">
      <marc:subfield code="A">f</marc:subfield>
      <marc:subfield code="a">Ratgeber</marc:subfield>
   </marc:datafield>
   <marc:datafield ind1="2" ind2=" " tag="689">
      <marc:subfield code="5">DE-101</marc:subfield>
      <marc:subfield code="5">DE-101</marc:subfield>
   </marc:datafield>
   <marc:datafield ind1="3" ind2="0" tag="689">
      <marc:subfield code="0">(DE-588)4171074-5</marc:subfield>
      <marc:subfield code="0">http://d-nb.info/gnd/4171074-5</marc:subfield>
      <marc:subfield code="0">(DE-101)041710746</marc:subfield>
      <marc:subfield code="D">s</marc:subfield>
      <marc:subfield code="a">Nacken</marc:subfield>
   </marc:datafield>
   <marc:datafield ind1="3" ind2="1" tag="689">
      <marc:subfield code="0">(DE-588)4052823-6</marc:subfield>
      <marc:subfield code="0">http://d-nb.info/gnd/4052823-6</marc:subfield>
      <marc:subfield code="0">(DE-101)040528235</marc:subfield>
      <marc:subfield code="D">s</marc:subfield>
      <marc:subfield code="a">Schmerz</marc:subfield>
   </marc:datafield>
   <marc:datafield ind1="3" ind2="2" tag="689">
      <marc:subfield code="0">(DE-588)4170852-0</marc:subfield>
      <marc:subfield code="0">http://d-nb.info/gnd/4170852-0</marc:subfield>
      <marc:subfield code="0">(DE-101)041708520</marc:subfield>
      <marc:subfield code="D">s</marc:subfield>
      <marc:subfield code="a">Muskelentspannung</marc:subfield>
   </marc:datafield>
   <marc:datafield ind1="3" ind2="3" tag="689">
      <marc:subfield code="0">(DE-588)4131557-1</marc:subfield>
      <marc:subfield code="0">http://d-nb.info/gnd/4131557-1</marc:subfield>
      <marc:subfield code="0">(DE-101)04131557X</marc:subfield>
      <marc:subfield code="D">s</marc:subfield>
      <marc:subfield code="a">Übung</marc:subfield>
   </marc:datafield>
   <marc:datafield ind1="3" ind2="4" tag="689">
      <marc:subfield code="A">f</marc:subfield>
      <marc:subfield code="a">Ratgeber</marc:subfield>
   </marc:datafield>
   <marc:datafield ind1="3" ind2=" " tag="689">
      <marc:subfield code="5">DE-101</marc:subfield>
      <marc:subfield code="5">DE-101</marc:subfield>
   </marc:datafield>
   <marc:datafield ind1="1" ind2=" " tag="700">
      <marc:subfield code="0">(DE-588)104519703</marc:subfield>
      <marc:subfield code="0">http://d-nb.info/gnd/104519703</marc:subfield>
      <marc:subfield code="0">(DE-101)104519703</marc:subfield>
      <marc:subfield code="a">Müller, Klaus</marc:subfield>
      <marc:subfield code="e">Mitwirkender</marc:subfield>
      <marc:subfield code="4">ctb</marc:subfield>
   </marc:datafield>
   <marc:datafield ind1=" " ind2=" " tag="850">
      <marc:subfield code="a">DE-101a</marc:subfield>
      <marc:subfield code="a">DE-101b</marc:subfield>
   </marc:datafield>
   <marc:datafield ind1="r" ind2=" " tag="925">
      <marc:subfield code="a">ra</marc:subfield>
   </marc:datafield>
</marc:record>
